[Event "SM Master Norm Tournament"]
[Site "SchemingMind.com"]
[Date "2021.03.22"]
[Round "-"]
[White "Archon"]
[Black "Abstract Actuary"]
[Result "1-0"]
[WhiteCountry "CAN"]
[BlackCountry "USA"]
[WhiteElo "1924"]
[WhiteRD "107"]
[BlackElo "1832"]
[BlackRD "72"]
[GameID "709747"]

1. c4 e6 2. e4 d5 3. cxd5 exd5 4. exd5 Qxd5 5. Nc3 Qe5+ 6. Be2 Bg4 7. d4 Qe6 8. Be3 Bxe2 9. Ngxe2 Bb4 10. Qa4+ Nc6
11. O-O Bxc3 12. Nxc3 Ne7 13. Rad1 Qd7 14. Rfe1 O-O 15. d5 Ne5 16. Qxd7 Nxd7 17. d6 cxd6 18. Rxd6 Nf6 19. Rxf6 gxf6 20. Bc5 Rfd8
21. Bxe7 Rd2 22. Bxf6 Rxb2 23. g3 h5 24. Re5 Kh7 25. Ne4 Rxa2 26. Rxh5+ Kg6 27. Rg5+ Kh7 28. Bg7 Ra6 29. Nf6+ Rxf6 30. Bxf6 a5
31. Bb2 a4 32. Ba3 f6 33. Rb5
1-0

[Event "SM Master Norm Tournament"]
[Site "SchemingMind.com"]
[Date "2021.03.22"]
[Round "-"]
[White "Mike Winslow"]
[Black "Archon"]
[Result "1/2-1/2"]
[WhiteCountry "USA"]
[BlackCountry "CAN"]
[WhiteElo "1921"]
[WhiteRD "92"]
[BlackElo "1885"]
[BlackRD "66"]
[GameID "709749"]

1. d4 Nf6 2. c4 c5 3. d5 d6 4. Nc3 g6 5. e4 Bg7 6. Bd3 O-O 7. f3 e6 8. Be3 exd5 9. cxd5 a6 10. a4 Nbd7
11. Nge2 Ne5 12. O-O Nxd3 13. Qxd3 Nd7 14. f4 Re8 15. Rf3 Qe7 16. Raf1 Nf6 17. e5 dxe5 18. fxe5 Qxe5 19. Bxc5 Qc7 20. Bd4 Ng4
21. g3 f5 22. Bxg7 Qxg7 23. Qd2 Qe5 24. Rd3 Bd7 25. h3 Ne3 26. Rf3 Nc4 27. Qc1 Rac8 28. b3 Nd6 29. Qf1 b5 30. Nf4 b4
31. Nce2 g5 32. Rfe3 Qxe3+ 33. Rxe3 Rxe3 34. Ne6 Bxe6 35. dxe6 Rxe6 36. Nd4 Re4 37. Nxf5 Nxf5=
1/2-1/2

[Event "SM Master Norm Tournament"]
[Site "SchemingMind.com"]
[Date "2021.03.22"]
[Round "-"]
[White "Mike Winslow"]
[Black "Abstract Actuary"]
[Result "0-1"]
[WhiteCountry "USA"]
[BlackCountry "USA"]
[WhiteElo "1888"]
[WhiteRD "86"]
[BlackElo "1846"]
[BlackRD "78"]
[GameID "709750"]

1. Nf3 e6 2. c4 d5 3. b3 Bd6 4. Bb2 f6 5. g3 Ne7 6. Bg2 b6 7. O-O Nbc6 8. d3 Bb7 9. Nbd2 Qd7 10. a3 a5
11. cxd5 Nxd5 12. Rc1 h5 13. Nh4 g5 14. Bxd5 exd5 15. Bxf6 Rg8 16. Nhf3 Qf5 17. Nd4 Qxf6 18. Nxc6 Bxa3 19. Nxa5 Bxc1 20. Qxc1 bxa5
21. Qxc7 Qc6 22. Qe5+ Kd7 23. e4 dxe4 24. dxe4 Qd6 25. Qf5+ Qe6 26. Qb5+ Bc6 27. Qd3+ Kc7 28. Rc1 Rgd8 29. Qe3 g4 30. Nc4 Qxe4
31. Qxe4 Bxe4 32. Nxa5+ Kb6 33. b4 Bd5
0-1

[Event "SM Master Norm Tournament"]
[Site "SchemingMind.com"]
[Date "2021.03.23"]
[Round "-"]
[White "Archon"]
[Black "Diadoco"]
[Result "1/2-1/2"]
[WhiteCountry "CAN"]
[BlackCountry "MEX"]
[WhiteElo "1890"]
[WhiteRD "73"]
[BlackElo "1924"]
[BlackRD "108"]
[GameID "709752"]

1. c4 Nf6 2. Nc3 g6 3. g3 Bg7 4. Bg2 O-O 5. e4 c5 6. Nge2 Nc6 7. O-O d6 8. d3 a6 9. h3 Rb8 10. a4 Ne8
11. Be3 e5 12. Nd5 Nc7 13. Nb6 Ne6 14. Nd5 Nc7 15. Nb6= Ne6 16. Nd5 b5 17. axb5 axb5 18. b3 b4 19. Qd2 Ned4 20. Nxd4 Nxd4
21. Bxd4 exd4 22. Ra7 Bb7 23. Rfa1 Re8 24. Bf3 Bxd5 25. exd5 Qf6 26. Kg2 h5 27. Rd7 Re7 28. Rxe7 Qxe7 29. Qe2 Qxe2=
1/2-1/2

[Event "SM Master Norm Tournament"]
[Site "SchemingMind.com"]
[Date "2021.03.23"]
[Round "-"]
[White "Abstract Actuary"]
[Black "Diadoco"]
[Result "0-1"]
[WhiteCountry "USA"]
[BlackCountry "MEX"]
[WhiteElo "1825"]
[WhiteRD "73"]
[BlackElo "1942"]
[BlackRD "98"]
[GameID "709753"]

1. e4 c5 2. d4 cxd4 3. c3 Nf6 4. e5 Nd5 5. cxd4 d6 6. Nf3 Nc6 7. Bc4 Nb6 8. Bb5 dxe5 9. Nxe5 Bd7 10. Nxd7 Qxd7
11. Nc3 e6 12. O-O Be7 13. Qg4 O-O 14. Bxc6 bxc6 15. Rd1 Rfd8 16. Bh6 g6 17. h4 Nd5 18. Ne4 Nf6 19. Nxf6+ Bxf6 20. h5 Bxd4
21. hxg6 hxg6 22. Bg5 e5 23. Qh4 f5 24. Bxd8 Rxd8 25. Qf6 Qd6 26. Qxd6 Rxd6 27. b3 c5 28. Rac1 Kf7 29. Kf1 Ke6 30. Ke2 e4
31. Rh1 Rd7 32. Rc4 f4 33. Ra4 Kf5 34. Ra6 g5 35. Rhh6 Bc3 36. Rad6 Rxd6 37. Rxd6 Bd4 38. b4 Ke5 39. bxc5 Bxc5 40. Rd7 Ke6
41. Rb7 Bb6 42. Rg7 Kf6 43. Rg8 Kf5 44. a4 Kf6 45. Rh8 Kf5 46. Rh7 Kg6 47. Rd7 Kf6 48. Rd5 g4 49. a5 f3+ 50. gxf3 gxf3+
51. Ke1 Bc7 52. a6 Ke6 53. Rb5 Be5 54. Rb4 Bc3+
0-1

[Event "SM Master Norm Tournament"]
[Site "SchemingMind.com"]
[Date "2021.03.23"]
[Round "-"]
[White "Diadoco"]
[Black "Mike Winslow"]
[Result "0-1"]
[WhiteCountry "MEX"]
[BlackCountry "USA"]
[WhiteElo "1942"]
[WhiteRD "98"]
[BlackElo "1921"]
[BlackRD "92"]
[GameID "709754"]

1. e4 g6 2. d4 Bg7 3. c4 c5 4. Nf3 d6 5. Nc3 cxd4 6. Nxd4 Nc6 7. Be3 Nh6 8. Be2 O-O 9. O-O f5 10. exf5 gxf5
11. f4 Qb6 12. Nxf5 Qxb2 13. Nxh6+ Bxh6 14. Rc1 Bg7 15. Qe1 Bxc3 16. Rxc3 Qxa2 17. Bd3 Bf5 18. Qg3+ Kh8 19. Bxf5 Rxf5 20. Qh3 e6
21. g4 Rf7 22. Kh1 Qb2 23. Bc1 Qe2 24. Qf3 Nd4 25. Qe3 Qxf1+
0-1

[Event "SM Master Norm Tournament"]
[Site "SchemingMind.com"]
[Date "2021.03.23"]
[Round "-"]
[White "peeuukoo"]
[Black "Archon"]
[Result "1/2-1/2"]
[WhiteCountry "FIN"]
[BlackCountry "CAN"]
[WhiteElo "1956"]
[WhiteRD "107"]
[BlackElo "1890"]
[BlackRD "73"]
[GameID "709756"]

1. d4 Nf6 2. c4 c5 3. d5 e6 4. Nc3 exd5 5. cxd5 d6 6. e4 g6 7. Bg5 Bg7 8. Bd3 O-O 9. Nf3 Qb6 10. Rb1 Bg4
11. h3 Bxf3 12. Qxf3 Nbd7 13. Bf4 Nh5 14. Bh2 Ne5 15. Bxe5 Bxe5 16. O-O Nf4 17. Bc2 Qa6 18. Ra1 b5 19. a3 Qb6 20. Rab1 a5
21. Ne2 Nxe2+ 22. Qxe2 b4 23. Qc4 Qa6 24. Qxa6 Rxa6 25. Bd3 Ra7 26. a4 g5 27. b3 Re7 28. g3 Rfe8 29. Bb5 Rf8 30. Kg2 Kg7
31. g4 h6=
1/2-1/2

[Event "SM Master Norm Tournament"]
[Site "SchemingMind.com"]
[Date "2021.03.23"]
[Round "-"]
[White "peeuukoo"]
[Black "Abstract Actuary"]
[Result "0-1"]
[WhiteCountry "FIN"]
[BlackCountry "USA"]
[WhiteElo "1934"]
[WhiteRD "87"]
[BlackElo "1825"]
[BlackRD "73"]
[GameID "709757"]

1. d4 e6 2. Nf3 d5 3. c4 Bd7 4. Nc3 Bb4 5. Nd2 Nc6 6. e3 Nf6 7. a3 Bxc3 8. bxc3 O-O 9. Bd3 Na5 10. c5 Qe8
11. O-O Ba4 12. Bc2 Bxc2 13. Qxc2 b5 14. cxb6 axb6 15. c4 c5 16. dxc5 Qc6 17. Bb2 Qxc5 18. Bxf6 gxf6 19. Qc3 f5 20. Qf6 dxc4
21. Rfc1 b5 22. Rc3 Rfd8 23. Nf3 Rd5 24. Nd4 Rad8 25. Rb1 e5 26. h3 exd4 27. exd4 Qxd4 28. Rg3+ Kf8 29. Qg5 R8d6 30. Qg8+ Ke7
31. Qa8 Nb3 32. Rg8 Rd8 33. Re1+ Kf6 34. Rxd8 Rxd8 35. Qa6+ Rd6 36. Qc8 c3 37. Qh8+ Kg6 38. Qg8+ Qg7
0-1

[Event "SM Master Norm Tournament"]
[Site "SchemingMind.com"]
[Date "2021.03.23"]
[Round "-"]
[White "Mike Winslow"]
[Black "peeuukoo"]
[Result "1/2-1/2"]
[WhiteCountry "USA"]
[BlackCountry "FIN"]
[WhiteElo "1888"]
[WhiteRD "86"]
[BlackElo "1884"]
[BlackRD "85"]
[GameID "709758"]

1. d4 d5 2. c4 c6 3. Nf3 Nf6 4. Nc3 e6 5. e3 Bd6 6. Qc2 O-O 7. b3 Nbd7 8. Bd3 h6 9. O-O Re8 10. e4 dxe4
11. Bxe4 Nxe4 12. Nxe4 Be7 13. Bb2 Nf8 14. Rad1 Qc7 15. Rfe1 Ng6 16. Ng3 Bf8 17. Nh5 Bd7 18. Bc1 e5 19. Bxh6 gxh6 20. Nf6+ Kg7
21. dxe5 Be6 22. Nxe8+ Rxe8 23. Qe4 Be7 24. Nd4 Bb4 25. Re3 Bc5 26. f4 Bg4 27. Rdd3 Qc8 28. Kf1 Bxd4 29. Qxd4 Kh7 30. g3 c5
31. Qd6 Re7 32. Rd5 b6 33. a4 Be6 34. Qd8 Qb7 35. Rd1 Bg4 36. Rd5 Be6 37. Rd1= Qh1+ 38. Kf2 Qxh2+ 39. Kf3 Qh3 40. Kf2 Bg4
41. Rd6 Rd7 42. Qf6 Qh2+ 43. Ke1 Qg1+ 44. Kd2 Qd1+ 45. Kc3 Qc1+ 46. Kd3 Qd1+ 47. Kc3 Qc1+=
1/2-1/2

[Event "SM Master Norm Tournament"]
[Site "SchemingMind.com"]
[Date "2021.03.23"]
[Round "-"]
[White "Diadoco"]
[Black "peeuukoo"]
[Result "1/2-1/2"]
[WhiteCountry "MEX"]
[BlackCountry "FIN"]
[WhiteElo "1942"]
[WhiteRD "98"]
[BlackElo "1934"]
[BlackRD "87"]
[GameID "709759"]

1. e4 e5 2. Nf3 Nc6 3. Bc4 Nf6 4. d3 Be7 5. O-O O-O 6. Re1 a6 7. c3 d6 8. Bb3 Na5 9. Bc2 c5 10. Nbd2 Bg4
11. h3 Bh5 12. Nf1 h6 13. Ng3 Bg6 14. Nh4 Nc6 15. Nhf5 Kh7 16. Qf3 Ng8 17. Bd2 Bf6 18. Rad1 Qd7 19. h4 Bxf5 20. Nxf5 Qd8
21. g3 g6 22. Ne3 Bg7 23. Nd5 Rb8 24. a4 b5 25. axb5 axb5 26. h5 Rb7 27. Kg2 Nce7 28. Bb3 Nc6 29. Rh1 Qd7 30. Ne3 Nd8
31. Bd5 Ra7 32. Rh2 g5 33. Qf5+ Qxf5 34. Nxf5 Ra6 35. f3 Ne6 36. Rhh1 Nf6 37. g4 Nxd5 38. exd5 Nf4+ 39. Bxf4 gxf4 40. Ra1 Rfa8
41. Rxa6 Rxa6 42. Re1 Bf8 43. Kf2 Ra2 44. Re2 Ra8 45. Re1 Ra2 46. Re2 Ra8 47. Re1 Ra2=
1/2-1/2

[Event "SM Master Norm Tournament"]
[Site "SchemingMind.com"]
[Date "2021.03.23"]
[Round "-"]
[White "peeuukoo"]
[Black "Geoffrey Rosser"]
[Result "1-0"]
[WhiteCountry "FIN"]
[BlackCountry "ENG"]
[WhiteElo "1956"]
[WhiteRD "107"]
[BlackElo "1921"]
[BlackRD "59"]
[GameID "709770"]

1. d4 Nf6 2. c4 g6 3. Nc3 d5 4. Nf3 Bg7 5. e3 O-O 6. Be2 c5 7. dxc5 Qa5 8. O-O dxc4 9. Bxc4 Rd8 10. Qb3 e6
11. Qb5 Qc7 12. Be2 Na6 13. Na4 Bd7 14. Qc4 b5 15. cxb6 Qxc4 16. Bxc4 Bxa4 17. b7 Rab8 18. Bxa6 Rd6 19. Be2 Rxb7 20. b3 Ne4
21. Nd4 Bd7 22. Bf3 f5 23. Bxe4 fxe4 24. Bb2 e5 25. Nc2 Rd2 26. Rac1 Bg4 27. Bc3 Be2 28. Bxd2 Bxf1 29. Rxf1 Rc7 30. Na3 Bf8
31. Nc4 Rd7 32. Bc3 Bg7 33. Bxe5 Bxe5 34. Nxe5 Rd2 35. Ra1
1-0

[Event "SM Master Norm Tournament"]
[Site "SchemingMind.com"]
[Date "2021.03.23"]
[Round "-"]
[White "Archon"]
[Black "Geoffrey Rosser"]
[Result "1-0"]
[WhiteCountry "CAN"]
[BlackCountry "ENG"]
[WhiteElo "1890"]
[WhiteRD "73"]
[BlackElo "1921"]
[BlackRD "59"]
[GameID "709771"]

1. c4 Nf6 2. Nc3 g6 3. g3 Bg7 4. Bg2 O-O 5. e4 e5 6. Nge2 d6 7. O-O Bg4 8. h3 Be6 9. d3 Qd7 10. Kh2 Ne8
11. f4 f5 12. Qc2 Nc6 13. Nd5 fxe4 14. dxe4 exf4 15. Bxf4 Ne5 16. Bg5 h6 17. Rxf8+ Bxf8 18. Nf6+ Nxf6 19. Bxf6 Nxc4 20. e5 Kh7
21. Nf4 Qf7 22. Be4 Bf5 23. Bxf5 gxf5 24. Qxf5+ Kg8 25. e6 Qh7 26. Qg4+ Bg7 27. e7 Ne5 28. Qe6+ Nf7 29. e8=Q+ Rxe8 30. Qxe8+ Bf8
31. Re1 Ng5 32. Bxg5
1-0

[Event "SM Master Norm Tournament"]
[Site "SchemingMind.com"]
[Date "2021.03.23"]
[Round "-"]
[White "Abstract Actuary"]
[Black "Geoffrey Rosser"]
[Result "0-1"]
[WhiteCountry "USA"]
[BlackCountry "ENG"]
[WhiteElo "1814"]
[WhiteRD "73"]
[BlackElo "1921"]
[BlackRD "59"]
[GameID "709772"]

1. e4 e5 2. Nf3 Nc6 3. c3 d5 4. exd5 Qxd5 5. d4 Bg4 6. Be2 O-O-O 7. O-O e4 8. Nfd2 Bxe2 9. Qxe2 f5 10. Nc4 Be7
11. Bf4 g5 12. Be5 Nf6 13. Nbd2 Nxe5 14. Nxe5 h5 15. Rfd1 Rdg8 16. Nb3 Bd6 17. c4 Qe6 18. Rac1 Bxe5 19. dxe5 Qxe5 20. c5 Ng4
21. g3 c6 22. Rd6 Nxh2 23. Kxh2 h4 24. Kg2 hxg3 25. fxg3 f4 26. Qg4+ Kb8 27. Rcd1 e3 28. Nd4 Qxc5 29. Ne6 Qc2+ 30. Kf3 Qf2+
31. Ke4 e2 32. Qxg5 e1=Q+
0-1

[Event "SM Master Norm Tournament"]
[Site "SchemingMind.com"]
[Date "2021.03.23"]
[Round "-"]
[White "Geoffrey Rosser"]
[Black "Mike Winslow"]
[Result "1-0"]
[WhiteCountry "ENG"]
[BlackCountry "USA"]
[WhiteElo "1906"]
[WhiteRD "61"]
[BlackElo "1888"]
[BlackRD "86"]
[GameID "709773"]

1. e4 g6 2. d4 Bg7 3. Nf3 d6 4. Bc4 Nf6 5. Nc3 O-O 6. O-O c6 7. Bg5 b5 8. Bxf6 exf6 9. Bb3 b4 10. Ne2 Bg4
11. Qd3 f5 12. exf5= Bxf5 13. Qd2 a5 14. a3 Na6 15. Ng3 Bg4 16. Qf4 Bxf3 17. Qxf3 Qb6 18. Ne2 c5 19. axb4 axb4 20. dxc5 dxc5
21. Rab1 Rad8 22. c3 bxc3 23. bxc3 Qf6 24. Qxf6 Bxf6 25. Bc4 Nc7 26. Rb7 Ne6 27. Rb6 Rd2 28. Bxe6 Rxe2 29. Bg4 Bd8 30. Rxg6+ hxg6
31. Bxe2 Ba5= 32. Rc1 Re8 33. Kf1 g5 34. Bb5 Re7 35. g3 f6 36. c4 Bc7 37. Kg2 Kg7 38. Ra1 Be5 39. Ra6 Rc7 40. Kf3 Bd4
41. Bc6 Be5 42. Ke4 Bd4 43. f3 Re7+ 44. Kf5 Re5+ 45. Kg4 Re7 46. Kh5 Be5 47. Bd5 Bd4 48. Ra8 Be5 49. Rc8 Bd4 50. h4 gxh4
51. Kxh4 Kh6 52. Be4 Kg7 53. g4 Be3 54. Kg3 Bd4 55. Bd5 Be3 56. f4 Bd4 57. f5 Be3 58. Be6 Bd4 59. Kf4 Be5+ 60. Ke4 Rc7
61. Rg8+ Kh7 62. g5
1-0

[Event "SM Master Norm Tournament"]
[Site "SchemingMind.com"]
[Date "2021.03.23"]
[Round "-"]
[White "Geoffrey Rosser"]
[Black "Diadoco"]
[Result "1-0"]
[WhiteCountry "ENG"]
[BlackCountry "MEX"]
[WhiteElo "1921"]
[WhiteRD "59"]
[BlackElo "1924"]
[BlackRD "108"]
[GameID "709774"]

1. e4 e5 2. Nf3 Nc6 3. d4 exd4 4. Nxd4 Bc5 5. Be3 Qf6 6. c3 Qg6 7. Qc2 Nge7 8. Nd2 d5 9. Bd3 Ne5 10. Be2 O-O
11. Nf5 Nxf5 12. Bxc5 Nd6 13. O-O-O dxe4 14. Bxd6 Nd3+ 15. Kb1 cxd6 16. Nxe4 Qxe4 17. Bxd3 Qh4 18. g3 Qh6 19. f4 Bg4 20. Rd2 Rac8
21. Be4 b6 22. h3 Bd7 23. f5 Bc6 24. Bxc6 Rxc6 25. g4 Re8 26. h4 Qe3 27. Qd1 Qe4+ 28. Ka1 f6 29. Rd4 Qe5 30. Qf3 Rc4
31. Rxc4 Qe1+ 32. Qd1
1-0

[Event "SM Master Norm Tournament"]
[Site "SchemingMind.com"]
[Date "2021.03.27"]
[Round "-"]
[White "Geoffrey Rosser"]
[Black "echecs"]
[Result "1-0"]
[WhiteCountry "ENG"]
[BlackCountry "ENG"]
[WhiteElo "1926"]
[WhiteRD "61"]
[BlackElo "1807"]
[BlackRD "81"]
[GameID "709804"]

1. e4 e5 2. Nf3 Nc6 3. d4 exd4 4. Nxd4 d6 5. Bb5 Bd7 6. Nc3 Ne5 7. O-O Bxb5 8. Ndxb5 Nf6 9. Bg5 Be7 10. Bxf6 Bxf6
11. Nd5 O-O 12. Nbxc7 Rb8 13. Nxf6+ Qxf6 14. Nd5 Qd8 15. Qd4 b6 16. Rad1 Qh4 17. Ne3 Rbd8 18. Nf5 Qg4 19. f4 Ng6 20. Qxg7#
1-0

[Event "SM Master Norm Tournament"]
[Site "SchemingMind.com"]
[Date "2021.03.27"]
[Round "-"]
[White "echecs"]
[Black "peeuukoo"]
[Result "1-0"]
[WhiteCountry "ENG"]
[BlackCountry "FIN"]
[WhiteElo "1840"]
[WhiteRD "84"]
[BlackElo "1884"]
[BlackRD "85"]
[GameID "709805"]

1. e4 e5 2. Nf3 Nc6 3. Bc4 Nf6 4. Nc3 Nxe4 5. Bxf7+ Kxf7 6. Nxe4 d5 7. Ng3 e4 8. Ng1 Bc5 9. d3 Qf6 10. Be3 Bxe3
11. fxe3 Qxb2 12. N1e2 Re8 13. O-O+ Kg8 14. Nf4 Qe5 15. d4 Qg5 16. Qh5 Qxh5 17. Ngxh5 Ne7 18. Rac1 Nf5 19. Nxd5 Rb8 20. Rce1 c6
21. Nc3 Nd6 22. Rf4 Bd7 23. Ng3 g5 24. Rf6 Be6 25. Ncxe4 Nxe4 26. Nxe4 Kg7 27. Rf2 h6 28. Nd6 Red8 29. Nf5+ Kg6 30. Ng3 Rf8
31. Rxf8 Rxf8 32. a3 Rd8 33. c3 a6 34. Rf1 Bc4 35. Re1 b5 36. Ne4 Bd5 37. Nc5 Bc4 38. Nxa6 Ra8 39. Nb4 Rxa3 40. Nxc6 Rxc3
41. e4 Rd3 42. Ne5+
1-0

[Event "SM Master Norm Tournament"]
[Site "SchemingMind.com"]
[Date "2021.03.27"]
[Round "-"]
[White "Abstract Actuary"]
[Black "echecs"]
[Result "1-0"]
[WhiteCountry "USA"]
[BlackCountry "ENG"]
[WhiteElo "1825"]
[WhiteRD "73"]
[BlackElo "1807"]
[BlackRD "81"]
[GameID "709806"]

1. e4 e5 2. Nf3 Nc6 3. c3 Nf6 4. d4 Nxe4 5. d5 Ne7 6. Nxe5 d6 7. Qa4+ c6 8. dxc6 Nc5 9. cxb7+ Bd7 10. Nxd7 Nxd7
11. bxa8=Q Qxa8 12. Bb5 Qxg2 13. Bxd7+ Kd8 14. Rf1 Qb7 15. Bb5 Nc8 16. Be3 Nb6 17. Bxb6+ axb6 18. Nd2 Be7 19. O-O-O h5 20. Bc6 Qb8
21. Qa8 Kc7 22. Qxb8+ Rxb8 23. Bb5 g5 24. Rfe1 Bf8 25. Ne4 g4 26. Nf6
1-0

[Event "SM Master Norm Tournament"]
[Site "SchemingMind.com"]
[Date "2021.03.27"]
[Round "-"]
[White "echecs"]
[Black "Mike Winslow"]
[Result "0-1"]
[WhiteCountry "ENG"]
[BlackCountry "USA"]
[WhiteElo "1740"]
[WhiteRD "78"]
[BlackElo "1880"]
[BlackRD "91"]
[GameID "709807"]

1. e4 g6 2. d4 Bg7 3. c3 d6 4. Nf3 Nf6 5. Nbd2 O-O 6. Be2 Nbd7 7. O-O e5 8. h3 Re8 9. Qc2 d5 10. exd5 Nxd5
11. dxe5 Nxe5 12. Re1 Nf4 13. Bb5 c6 14. Bf1 Bf5 15. Qb3 Qc7 16. Nxe5 Bxe5 17. Nf3 Bd6 18. Be3 Be4 19. Bxf4 Bxf4 20. Nd4 c5
21. Nb5 Qd7 22. Qc4 Qf5 23. g3 Bxg3 24. fxg3 Qf3 25. Rxe4 Rxe4 26. Qd3 Re3 27. Qd6 Qxg3+ 28. Bg2 a6 29. Qxg3 Rxg3 30. Nd6 Rd8
31. Ne4 Rgd3 32. Nxc5 Rd1+ 33. Rxd1 Rxd1+ 34. Kh2 Rd2 35. a4 Rxb2 36. Nxb7 Rc2 37. Nc5 Rxc3 38. Nxa6 Ra3 39. Nc5 f5 40. h4 h6
41. Bd5+ Kf8 42. Bb3 Ke7 43. Bd1 Kd6 44. Nb7+ Ke5 45. Nc5 g5 46. hxg5 hxg5 47. Kg2 g4 48. Nd7+ Kf4 49. Nf6 Ra2+ 50. Kf1 Kg5
51. Ne8 g3 52. Bb3 Ra3 53. Bc2 f4 54. Nd6 f3 55. Ne4+ Kf4 56. Nxg3 Kxg3 57. Ke1 f2+
0-1

[Event "SM Master Norm Tournament"]
[Site "SchemingMind.com"]
[Date "2021.03.27"]
[Round "-"]
[White "echecs"]
[Black "Archon"]
[Result "0-1"]
[WhiteCountry "ENG"]
[BlackCountry "CAN"]
[WhiteElo "1774"]
[WhiteRD "76"]
[BlackElo "1848"]
[BlackRD "71"]
[GameID "709808"]

1. e4 d6 2. Nf3 Nf6 3. Nc3 g6 4. d4 Bg7 5. Be3 c6 6. Be2 O-O 7. O-O Nbd7 8. h3 e5 9. dxe5 dxe5 10. Bg5 Qc7
11. Nh2 Nc5 12. Bf3 a5 13. Re1 Be6 14. Ng4 Nxg4 15. Bxg4 Bxg4 16. Qxg4 Ne6 17. Be3 Rad8 18. Na4 Qd6 19. b3 b5 20. Nb2 Nd4
21. Rac1 f5 22. exf5 gxf5 23. Qg5 Qf6 24. Qxf6 Bxf6 25. c3 Ne6 26. a4 Rb8 27. Ba7 Rb7 28. Be3 Rd7 29. Rcd1 Rxd1 30. Nxd1 e4
31. axb5 cxb5 32. f3 Bh4 33. Re2 f4 34. Bb6 e3 35. Bxa5 Ra8 36. b4 Nc5 37. Kf1 Nb3 38. Nxe3 fxe3 39. Rxe3 Nxa5 40. Re4 Bf6
41. bxa5 Bxc3 42. g4 Rxa5 43. Re7 b4 44. Rb7 Ra2 45. f4 Rb2 46. h4 b3 47. f5 Rb1+ 48. Ke2 b2 49. Kd3 Rc1 50. g5 Bg7
51. f6 Bxf6 52. gxf6 b1=Q+ 53. Rxb1 Rxb1 54. Ke4 Kf7 55. Ke5 Rf1
0-1

[Event "SM Master Norm Tournament"]
[Site "SchemingMind.com"]
[Date "2021.03.27"]
[Round "-"]
[White "Diadoco"]
[Black "echecs"]
[Result "1-0"]
[WhiteCountry "MEX"]
[BlackCountry "ENG"]
[WhiteElo "1965"]
[WhiteRD "103"]
[BlackElo "1774"]
[BlackRD "76"]
[GameID "709809"]

1. e4 e5 2. Bc4 c6 3. Qe2 d6 4. Nf3 Be7 5. O-O Nf6 6. d4 Bg4 7. c3 O-O 8. Bg5 Nbd7 9. Nbd2 h6 10. Bh4 b5
11. Bd3 Nh5 12. Bxe7 Qxe7 13. g3 Bh3 14. Rfe1 Nhf6 15. Nh4 a6 16. Nf5 Qe6 17. f3 Bxf5 18. exf5 Qe8 19. Qf2 Qc8 20. f4 exf4
21. Qxf4 d5 22. Nf3 c5 23. Re2 Re8 24. Rxe8+ Qxe8 25. Re1 Qc8 26. g4 cxd4 27. Nxd4 Qc5 28. h4 b4 29. Rc1 a5 30. g5 hxg5
31. hxg5 Ne4 32. Bxe4 dxe4 33. Qxe4 Rb8 34. g6 Nf6 35. gxf7+ Kxf7 36. Qe6+ Kf8 37. Kg2 bxc3 38. Qxf6+ Kg8 39. Qe6+ Kf8 40. bxc3 Rb2+
41. Kf3 Rxa2 42. Qd7 Qe7 43. Qc8+ Qe8 44. Ne6+ Kf7 45. Qxe8+ Kxe8 46. Nxg7+ Kf7 47. Ne6 a4 48. Nd4 Kf6 49. Ke4 a3 50. c4 Rb2
51. c5 a2 52. Ra1 Rf2 53. c6 Ke7 54. Kd5 Kd8 55. Rh1 Rb2 56. Kd6 Ke8 57. Rh8+ Kf7 58. Ra8 Rd2 59. Kd5 Ke7 60. c7 a1=Q
61. Rxa1 Kd7 62. Rc1 Kc8 63. f6 Rf2 64. f7 Rxf7 65. Nb5 Rf5+ 66. Kc6
1-0